| 000 | 00732cam a2200205 4500 | ||
|---|---|---|---|
| 001 | WB3623-28 | ||
| 008 | 000000n2000 000 0 eng u | ||
| 035 | _a(Sirsi) u106442 | ||
| 245 | _aPlanning rules unchanged | ||
| 260 | _c2000 | ||
| 490 |
_aRetail Property _v 2 June 2000, 61(1) |
||
| 520 | _aThe DETR has rejected calls by the Environment Select Committee to revise PPG6. The response show that policy is becoming more opposed to out of town retail developments | ||
| 590 | _aWB | ||
| 650 | _aPLANNING POLICY GUIDANCE NOTE SIX | ||
| 650 | _aTOWN CENTRES | ||
| 650 | _aOUT-OF-TOWN SHOPPING CENTRES | ||
| 650 | _aPLANNING POLICY | ||
| 690 | _aENVIRONMENTAL AND LAND CONSULTANCY-PLANNING AND DEVELOPMENT | ||
| 942 | _n0 | ||
| 999 |
_c63756 _d63756 |
||